000 00691cam a22002293a 4500
001 19407
003 PGUSA
005 20140828083418.0
008 060929s2006||||xxu|||||s|||||000 | eng d
040 _aPGUSA
_beng
042 _adc
050 4 _aPR
100 1 _aMorton, Thomas,
_d1764-1838
245 1 0 _aSpeed the Plough :
_bA Comedy, In Five Acts; As Performed At The Theatre Royal, Covent Garden
_h[electronic resource] /
_cThomas Morton
260 _bProject Gutenberg,
_c2006
506 _aPublic domain in the USA.
516 _aElectronic text
653 _aEnglish drama
830 0 _aProject Gutenberg
_v19407
856 4 0 _uhttp://www.gutenberg.org/ebooks/19407
942 _cEB
999 _c248662
_d248662